Indo-European Languages - Sudden Death - Statistics

General Stats
  • This quiz has been taken 52 times
  • The average score is 9 of 30
Answers on the Grid
Answers color-coded by a green-red scale on the quiz's grid according to % correct below.
Greek
English
Irish
Sardinian
Corsican
French
German
Danish
Dutch
Frisian
Manx
Persian
Kurdish
Balochi
Tajik
Pashto
Sorbian
Polish
Danish
Swedish
Faroese
Icelandic
Cornish
Yiddish
Aragonese
Venetian
Occitan
Waziri
Romansh
Juhuru
Iberian
Northern Yiddish
Yugoslav
Polish-Lithuanian
Scandinavian
Parisian
Siligurian
Greenlandic
Southern Icelandic
Hungarian
Finnish
Estonian
Basque
Maltese
North Sami
Hebrew
Berber
Turkish
Azerbaijani
Yakut
Khakas
Erzya
Abaza
Meadow Mari
Tuvan
Komi
Udmurt
Karelian
Balkan
Baltic
 
Answer Stats
Answer % Correct
German
52%
Danish
48%
Irish
48%
Danish
42%
Dutch
42%
English
42%
Icelandic
42%
Swedish
39%
French
35%
Greek
35%
Balochi
32%
Occitan
32%
Persian
32%
Polish
32%
Aragonese
29%
Faroese
29%
Frisian
29%
Romansh
29%
Sardinian
29%
Manx
26%
Pashto
26%
Venetian
26%
Yiddish
26%
Cornish
23%
Corsican
23%
Kurdish
23%
Sorbian
19%
Tajik
6%
Waziri
6%
Juhuru
3%
No matching quizzes found
Score Distribution
Percent of People with Each Score
Percentile by Number Answered
Your Score History
You have not taken this quiz